Elche CF Squad 2013-2014 - Statistics

General Stats
  • This quiz has been taken 14 times
  • The average score is 16 of 26
Answer Stats
# Position Nation Player % Correct
24 MF Colombia Carlos Sánchez
100%
2 DF Uruguay Damián Suárez
100%
21 DF Spain Edu Albacar
100%
- Coach Spain Fran Escribá
100%
11 FW Spain Ferrán Corominas
80%
16 FW Spain Fidel
80%
25 FW Cape Verde Garry Rodrigues
80%
14 FW Spain Manu del Moral
80%
1 GK Spain Manu Herrera
80%
9 FW Ghana Richmond Boakye
80%
6 MF Spain Rubén Pérez
80%
18 DF Spain Sergio Pelegrín
80%
7 FW Spain Aarón Ñíguez
60%
28 FW Spain Cristian Herrera
60%
19 DF Romania Cristian Săpunaru
60%
4 DF Spain David Lombán
60%
3 DF Spain Alberto Botía
40%
15 MF Spain Carles Gil
40%
20 MF Spain David Generelo
40%
10 MF Spain Javi Flores
40%
22 MF Bosnia and Herzegovina Miroslav Stevanović
40%
8 MF Spain Sergio Mantecón
40%
5 MF Spain Alberto Rivera
20%
23 DF Spain Domingo Cisma
20%
17 MF Spain Javi Márquez
20%
13 GK Spain Toño
20%
No matching quizzes found
Score Distribution
Percent of People with Each Score
Percentile by Number Answered
Your Score History
You have not taken this quiz